| 000 | 01883cam a22005174i 4500 | ||
|---|---|---|---|
| 003 | PE-LiUPU | ||
| 005 | 20250731165510.0 | ||
| 008 | 180131s2017 ck a rb 001 0 spa d | ||
| 020 | _a9786076228753 | ||
| 035 | _a(Sirsi) a241135 | ||
| 040 |
_aPE-LiUPU _bspa _cPE-LiUPU _erda |
||
| 049 | _aPRUA | ||
| 082 | 0 | 4 |
_a005.7565 _bM96 _221 |
| 100 | 1 |
_aMuñoz, Antolín, _eautor. |
|
| 245 | 1 | 0 |
_aOracle 12c forms y reports : _bcurso práctico de formación / _cAntolín Muñoz. |
| 250 | _aPrimera edición. | ||
| 264 | 1 |
_aBogotá : _bAlfaomega, _c2017. |
|
| 300 |
_a321 páginas : _bilustraciones ; _c24 centímetros. |
||
| 336 |
_atext _2rdacontent |
||
| 337 |
_aunmediated _2rdamedia |
||
| 338 |
_avolume _2rdacarrier |
||
| 504 | _aÍndice : páginas 557-560. | ||
| 505 | 0 | _aConceptos sobre forms y reports -- Instalación de forms y reports 12c en windows -- Introducció a oracle forms -- Componentes de forms builder -- La interfaz de forms builder -- Creando el primer formulario asistido -- Creando el primer formulario asistido -- Propiedades. | |
| 526 | _aSEG44 | ||
| 526 | _aSEG26 | ||
| 526 | _aP151 | ||
| 526 | _aP150 | ||
| 526 | _aP149 | ||
| 526 | _aP146 | ||
| 526 | _aP145 | ||
| 526 | _aP126 | ||
| 526 | _aP125 | ||
| 526 | _aP92 | ||
| 526 | _aP75 | ||
| 526 | _aP74 | ||
| 526 | _aP27 | ||
| 526 | _aP15 | ||
| 541 | _g0001-0042354; | ||
| 650 | 0 | 4 | _aFormas y reportes. |
| 650 | 0 | 4 | _aForms y reports. |
| 910 |
_adbm _bksl _cksl _d20180131 |
||
| 942 |
_2ddc _cBOOK |
||
| 994 |
_aC0 _bPEPRU |
||
| 596 | _a1 | ||
| 999 |
_a005.7565 M96 _wLC _c26774 _i78117 _d26774 _e2018-8-26 _f2021-11-9 _g4 _lCCODEBUL1 _mBUL _n1 _p90.92 _q2 _r0 _sY _tBOOK _u2018-1-31 _xINGENIERIA _PP27 _0COMPRA _o.PUBLIC. Documento de alto precio _o.STAFF. Colección Ingeniería y Arquitectura |
||
| 980 |
_81 _gALBERTO SANCHEZ Responsable de Automatización |
||